000 00557nam a2200229Ia 4500
003 OSt
005 20220924142246.0
006 a|||||r|||| 00| 0
007 ta
008 220923b |||||||| |||| 00| 0 ben d
024 _a301103
037 _cTextual
040 _aARTS
_cARTS
_bben
041 _2ben
_aben
082 _aV41:1:N9, 157J9
100 _aRamnath Biswas
_9213086
245 0 _aMukta chin
260 _c1983
650 _aHISTORY
942 _hV41:1:N9, 157J9
_cTEXL
_2CC
999 _c449968
_d449968